Odkaz avantgardy

Bibliographic Details
Main Author: Švec, Igor (Author)
Format: Article
Language:Slovak
Subjects:

MARC

LEADER 00000nab a2200000 a 4500
001 vtls000207164
003 SK-MaSNL
005 20260302203654.0
008 111130c1985 xo 0 slo
015 |a SNBRB19rr/mm-uuuuu 
035 |a CL0217277 
040 |a SNKBUCL  |b slo  |c SNKBUCL  |e AACR2 
041 0 |a slo 
044 |a xo  |c SK 
080 |a 73/76.071.1  |2 1981 
080 |a 929 Rodčenko, Aleksandr  |2 1981 
080 |a 929 Stepanova, Varvara  |2 1981 
100 1 |a Švec, Igor  |4 aut  |9 7511 
245 1 0 |a Odkaz avantgardy  |c Igor Švec 
650 0 7 |a Rodčenko, Aleksandr  |2 snkbucl  |9 927109 
650 0 7 |a Stepanova, Varvara  |2 snkbucl  |9 927110 
651 7 |a 5100  |2 snkbucl  |9 166206 
655 7 |a články z novín a časopisov  |2 snkbucl  |9 267496 
773 0 |t Nové slovo  |g Roč. 27, č. 5 (1985) 
850 |a Slovenská národná knižnica v Martine  |a MTA001 
852 |a SNK  |b KIS3GCP 
958 |a RK 
958 |a SU 
992 |a RBX 
999 |c 1470145  |d 1472075